000
00326nam a22001457a 4500
020
_a
978-81-7700-222-5
082
_a
530
_b
ARO/P
100
_a
ARORA, S.L
245
_a
XII PHYSICS
_b
NEW SIMPLIFIED
260
_a
DELHI
_b
DHANPAT RAI & CO
_c
2023
300
_a
7.134
520
_a
XII PHYSICS
650
_a
REFERENCE
942
_c
BK
999
_c
7159
_d
7159